Médiá, informácie a zneužívanie informácií v globálnom svete

Šírenie informácií, vývojové štádiá foriem médií a ich obmeny v čase. Informácie a médiá v globálnom svete. Vplyv a účinky médií v globálnom svete.

Na minha lista:
Detalhes bibliográficos
Autor principal: Svrček, Matej
Formato: Capítulo de Livro
Idioma:eslovaco
Assuntos:
Tags: Adicionar Tag
Sem tags, seja o primeiro a adicionar uma tag!

MARC

LEADER 00000naa a2200000 4500
001 0196113
005 20221020083028.0
041 0 |a slo 
044 |a SK 
245 1 0 |a Médiá, informácie a zneužívanie informácií v globálnom svete  |c Matej Svrček 
520 |a Šírenie informácií, vývojové štádiá foriem médií a ich obmeny v čase. Informácie a médiá v globálnom svete. Vplyv a účinky médií v globálnom svete. 
610 2 0 |a komunikácia masmediálna 
610 2 0 |a médiá 
610 2 0 |a informácie 
610 2 0 |a globalizácia 
100 1 |a Svrček, Matej